| 000 | 00695nam a2200229 a 4500 | ||
|---|---|---|---|
| 001 | 53966 | ||
| 003 | BD-RjUL | ||
| 005 | 20211209080043.0 | ||
| 008 | 161030s1964 enka b 001 0 eng | ||
| 035 | _a(BD-RjUL) 54088 | ||
| 040 |
_aDLC _cODaWU _dOCoLC _dBD-RjUL _beng |
||
| 041 | _aeng | ||
| 082 |
_a658.3 _223 _bFRP 1964 |
||
| 100 | 1 |
_aFrench, Wendell L., _d1923- _9161140 |
|
| 245 | 1 | 4 |
_aThe personnel management process : _bhuman resources administration / _cWendell L. French, |
| 260 |
_aBoston ; _bHoughton Mifflin, _cc1964 |
||
| 300 |
_axiii, 624 p. : _bill. ; _c25 cm. |
||
| 500 | _aInclude index | ||
| 650 | 0 |
_aPersonnel management. _9161141 |
|
| 942 |
_2ddc _cBK |
||
| 999 |
_c53966 _d53966 |
||